[Event "GER-chT U20"]
[Site "Naumburg Saale"]
[Date "2014.12.29"]
[Round "6.5"]
[White "Dorscheid, Nico"]
[Black "Zschuppe, Ludwig"]
[Result "0-1"]
[WhiteElo "1272"]
[BlackElo "1663"]
[PlyCount "62"]
[EventDate "2014.12.27"]
[EventType "team-swiss"]
[EventRounds "7"]
[EventCountry "GER"]
[SourceTitle "EXT 2016"]
[Source "ChessBase"]
[SourceDate "2015.10.08"]
[SourceVersion "1"]
[SourceVersionDate "2015.10.08"]
[SourceQuality "1"]
[WhiteTeam "Saarbruecken"]
[BlackTeam "Coswig TuS"]
[WhiteTeamCountry "GER"]
[BlackTeamCountry "GER"]

1. d4 Nf6 2. c4 c5 3. Nf3 cxd4 4. Nxd4 g6 5. Nc3 Bg7 6. Nf3 0-0 7. e4 d6 8. Be2 Nbd7 9. Be3 Ng4 10. Bf4 Nge5 11. Ng5 h6 12. Nh3 Nb6 13. Qc1 Kh7 14. Bxe5 Bxe5 15. Nf4 Bd7 16. 0-0 Rc8 17. b3 f5 18. Nd3 Bg7 19. Rb1 Bxc3 20. Qxc3 fxe4 21. Nb4 Bf5 22. Rfd1 e3 23. Rb2 exf2+ 24. Kf1 Qc7 25. Bf3 Rf6 26. Bd5 a5 27. Nc2 Nxd5 28. Rxd5 Be4 29. Rd2 Bxg2+ 30. Kxg2 f1Q+ 31. Kg3 d5+ 0-1

[Event "GER-chT U12"]
[Site "Arendsee"]
[Date "2009.12.27"]
[Round "2.4"]
[White "Truemper, Michael"]
[Black "Zschuppe, Ludwig"]
[Result "1-0"]
[WhiteElo "1395"]
[BlackElo "1118"]
[PlyCount "87"]
[EventDate "2009.12.27"]
[EventType "team-swiss"]
[EventRounds "7"]
[EventCountry "GER"]
[SourceTitle "EXT 2022"]
[Source "ChessBase"]
[SourceDate "2021.10.06"]
[SourceVersion "1"]
[SourceVersionDate "2021.10.06"]
[SourceQuality "1"]
[WhiteTeam "Brackel SF U12"]
[BlackTeam "Coswig TuS U12"]
[WhiteTeamCountry "GER"]
[BlackTeamCountry "GER"]

1. d4 d5 2. c4 dxc4 3. e4 Nc6 4. Nf3 Bg4 5. Be3 e6 6. Bxc4 Nf6 7. Nc3 Bxf3 8. gxf3 Bb4 9. d5 exd5 10. exd5 Ne7 11. Qa4+ c6 12. Qxb4 Nfxd5 13. Nxd5 cxd5 14. Bb5+ Nc6 15. 0-0-0 a6 16. Bxc6+ bxc6 17. Rde1 Kd7 18. Qb7+ Qc7 19. Qxc7+ Kxc7 20. Bc5 Rhe8 21. Re3 Re6 22. Rxe6 fxe6 23. Re1 Kd7 24. Rg1 g6 25. Rg3 e5 26. Kd2 Ke6 27. Rg1 Kf5 28. Re1 Re8 29. b4 Kf4 30. Bd4 Re7 31. Ba1 Re8 32. Re3 Kf5 33. Rc3 Rc8 34. Rc5 e4 35. Ke3 exf3 36. Kxf3 Ke6 37. a4 Kd7 38. Ra5 Ra8 39. b5 cxb5 40. axb5 Kc7 41. bxa6 Kb6 42. Rxd5 Rxa6 43. Rd6+ Kb5 44. Rxa6 1-0